[Event "Odintsovo Primakov Cup"]
[Site "Odintsovo"]
[Date "2024.03.19"]
[Round "8"]
[White "Egorov, Evgeni"]
[Black "Lisenkov, Svyatoslav"]
[Result "1/2-1/2"]
[WhiteElo "2250"]
[BlackElo "2108"]
[PlyCount "31"]
[EventDate "2024.03.15"]
[EventType "tourn"]
[EventRounds "9"]
[EventCountry "RUS"]
[EventCategory "1"]
[SourceTitle "CB13_2024"]
[SourceDate "2024.03.27"]
[SourceVersion "1"]
[SourceVersionDate "2024.03.27"]
[SourceQuality "1"]

1. Nf3 Nf6 2. c4 g6 3. g3 Bg7 4. Bg2 0-0 5. 0-0 d6 6. Nc3 Nc6 7. Rb1 e5 8. d3 a5 9. a3 Re8 10. Bg5 h6 11. Bxf6 Qxf6 12. Nd2 Qd8 13. b4 axb4 14. axb4 Ne7 15. Qb3 c6 16. b5 1/2-1/2

[Event "Rahachow Rogachev Memorial"]
[Site "Rahachow"]
[Date "2023.08.12"]
[Round "8"]
[White "Egorov, Evgeni"]
[Black "Khokhlova, Daria"]
[Result "0-1"]
[WhiteElo "2276"]
[BlackElo "2073"]
[PlyCount "78"]
[EventDate "2023.08.08"]
[EventType "team-schev"]
[EventRounds "9"]
[EventCountry "BLR"]
[SourceTitle "CBM 215 Extra"]
[Source "ChessBase"]
[SourceDate "2023.09.30"]
[SourceVersion "1"]
[SourceVersionDate "2023.09.30"]
[SourceQuality "1"]
[WhiteTeam "Experts"]
[BlackTeam "Green"]
[WhiteTeamCountry "BLR"]
[BlackTeamCountry "BLR"]

1. c4 e5 2. Nc3 Bb4 3. g3 Bxc3 4. bxc3 Nc6 5. Bg2 Nge7 6. d3 0-0 7. Nf3 d6 8. 0-0 Bd7 9. Ne1 Qc8 10. Rb1 Rb8 11. f4 Bh3 12. e3 Bxg2 13. Nxg2 f6 14. Qf3 Qd7 15. Ba3 Rfe8 16. Nh4 exf4 17. gxf4 d5 18. d4 f5 19. Qh3 Qe6 20. e4 Qxe4 21. Rbe1 Qc2 22. Bxe7 Nxe7 23. Rf2 Qa4 24. Rfe2 Qd7 25. Re6 Ng6 26. cxd5 Nxf4 27. Qxf5 Nxe6 28. dxe6 Qe7 29. Qg4 Rbd8 30. Re3 Rd5 31. Nf3 c6 32. h4 h6 33. c4 Rd6 34. d5 cxd5 35. c5 Ra6 36. Nd4 Qf6 37. c6 Rxa2 38. Ne2 bxc6 39. Qd4 Rxe6 0-1

[Event "Rahachow Rogachev Memorial"]
[Site "Rahachow"]
[Date "2023.08.10"]
[Round "4"]
[White "Egorov, Evgeni"]
[Black "Tsaruk, Maksim"]
[Result "0-1"]
[WhiteElo "2276"]
[BlackElo "2406"]
[PlyCount "70"]
[EventDate "2023.08.08"]
[EventType "team-schev"]
[EventRounds "9"]
[EventCountry "BLR"]
[SourceTitle "CBM 215 Extra"]
[Source "ChessBase"]
[SourceDate "2023.09.30"]
[SourceVersion "1"]
[SourceVersionDate "2023.09.30"]
[SourceQuality "1"]
[WhiteTeam "Experts"]
[BlackTeam "Red"]
[WhiteTeamCountry "BLR"]
[BlackTeamCountry "BLR"]

1. e4 e5 2. Nf3 Nc6 3. Nc3 Nf6 4. d4 exd4 5. Nxd4 Nxe4 6. Nxe4 Qe7 7. f3 d5 8. Bb5 Bd7 9. Bxc6 bxc6 10. 0-0 dxe4 11. Re1 0-0-0 12. c3 c5 13. Rxe4 Qd6 14. Bf4 Qb6 15. Nb3 Bc6 16. Qe2 Bxe4 17. Qxe4 Bd6 18. Be3 Rhe8 19. Qf5+ Kb8 20. Bf2 Re2 21. Rf1 Rxb2 22. Qxf7 Qa6 23. c4 Qxa2 24. Nc1 Qb1 25. Qxg7 Qc2 26. Nd3 Rb1 27. Ne1 Qxc4 28. Qxh7 Rd1 29. h4 a5 30. h5 a4 31. Qc2 Qb3 32. g4 c4 33. Qf5 a3 34. Qg5 a2 35. Qxd8+ Kb7 0-1

[Event "Rahachow Rogachev Memorial"]
[Site "Rahachow"]
[Date "2023.08.09"]
[Round "2"]
[White "Egorov, Evgeni"]
[Black "Dimitrova, Aleksandra"]
[Result "0-1"]
[WhiteElo "2276"]
[BlackElo "2179"]
[PlyCount "150"]
[EventDate "2023.08.08"]
[EventType "team-schev"]
[EventRounds "9"]
[EventCountry "BLR"]
[SourceTitle "CBM 215 Extra"]
[Source "ChessBase"]
[SourceDate "2023.09.30"]
[SourceVersion "1"]
[SourceVersionDate "2023.09.30"]
[SourceQuality "1"]
[WhiteTeam "Experts"]
[BlackTeam "Green"]
[WhiteTeamCountry "BLR"]
[BlackTeamCountry "BLR"]

1. e4 c5 2. Nc3 e6 3. Nge2 Nc6 4. g3 d5 5. exd5 exd5 6. Bg2 d4 7. Nd5 Nf6 8. Nef4 Nxd5 9. Bxd5 Ne5 10. 0-0 Bd6 11. c4 0-0 12. d3 Rb8 13. Be4 Bg4 14. f3 Bd7 15. a3 b5 16. b3 Kh8 17. Ra2 a5 18. cxb5 Bxb5 19. g4 Bd7 20. Rg2 Qb6 21. Qe1 Bc6 22. Rg3 Bxe4 23. fxe4 Qxb3 24. Rh3 Ng6 25. Nd5 c4 26. Qxa5 Qb5 27. Qd2 f6 28. Qf2 Qd7 29. Qf5 Qxf5 30. gxf5 Ne5 31. dxc4 Nxc4 32. Bf4 Rfe8 33. Re1 Rb2 34. Bxd6 Nxd6 35. Rd3 Nxf5 36. Rc1 Nh4 37. Rc4 h6 38. Rcxd4 Rc8 39. Nc3 Rb3 40. Rd8+ Rxd8 41. Rxd8+ Kh7 42. Ne2 Rxa3 43. Rd1 Ra2 44. Kf2 Ng6 45. Ke3 Ne5 46. Rg1 h5 47. Rh1 h4 48. h3 Ra3+ 49. Kf2 Rf3+ 50. Kg2 Re3 51. Nd4 Rxe4 52. Rd1 Ng6 53. Kh2 Nf4 54. Nf5 Re2+ 55. Kh1 g5 56. Rd4 Re1+ 57. Kh2 Re2+ 58. Kh1 Nxh3 59. Nxh4 Nf2+ 60. Kg1 gxh4 61. Rxh4+ Kg6 62. Rh2 Kg5 63. Kf1 Rd2 64. Rg2+ Kf5 65. Rg3 Ne4 66. Ra3 Kf4 67. Rb3 Rc2 68. Ra3 f5 69. Kg1 Kg4 70. Re3 Rc3 71. Re2 Ng3 72. Ra2 f4 73. Rb2 Re3 74. Ra2 Re1+ 75. Kf2 Rf1+ 0-1

[Event "Rahachow Rogachev Memorial"]
[Site "Rahachow"]
[Date "2023.08.09"]
[Round "3"]
[White "Klachkou, Platon"]
[Black "Egorov, Evgeni"]
[Result "1/2-1/2"]
[WhiteElo "1935"]
[BlackElo "2276"]
[PlyCount "84"]
[EventDate "2023.08.08"]
[EventType "team-schev"]
[EventRounds "9"]
[EventCountry "BLR"]
[SourceTitle "CBM 215 Extra"]
[Source "ChessBase"]
[SourceDate "2023.09.30"]
[SourceVersion "1"]
[SourceVersionDate "2023.09.30"]
[SourceQuality "1"]
[WhiteTeam "Red"]
[BlackTeam "Experts"]
[WhiteTeamCountry "BLR"]
[BlackTeamCountry "BLR"]

1. Nf3 d5 2. g3 Nc6 3. Bg2 e5 4. d3 Nf6 5. 0-0 Bc5 6. Nxe5 Nxe5 7. d4 Bd6 8. dxe5 Bxe5 9. c4 dxc4 10. Qc2 0-0 11. Nd2 c6 12. Nxc4 Bc7 13. b3 Re8 14. Ba3 Bg4 15. Rad1 Qc8 16. Rfe1 Qe6 17. Nd6 Bxd6 18. Rxd6 Qe5 19. Qd2 Ne4 20. Bxe4 Qxe4 21. Bb2 f6 22. Rd4 Qe6 23. Qf4 Bh5 24. g4 Bf7 25. e3 Rad8 26. Red1 Rxd4 27. Rxd4 c5 28. Rd6 Qe7 29. h4 h6 30. Bc3 b5 31. Kh2 b4 32. Bd2 a5 33. f3 Rd8 34. Rxd8+ Qxd8 35. e4 Qd4 36. Be3 Qb2+ 37. Kg3 Qxa2 38. g5 hxg5 39. hxg5 Qxb3 40. gxf6 gxf6 41. Qg4+ Kh7 42. Qh4+ Kg8 1/2-1/2

[Event "Orsha op-A 21st"]
[Site "Orsha"]
[Date "2023.01.25"]
[Round "9"]
[White "Egorov, Evgeni"]
[Black "Vashchilov, Sergey"]
[Result "1-0"]
[WhiteElo "2294"]
[BlackElo "2096"]
[PlyCount "115"]
[EventDate "2023.01.19"]
[EventType "swiss"]
[EventRounds "9"]
[EventCountry "BLR"]
[SourceTitle "CBM 212 Extra"]
[Source "ChessBase"]
[SourceDate "2023.03.31"]
[SourceVersion "1"]
[SourceVersionDate "2023.03.31"]
[SourceQuality "1"]

1. e4 d5 2. exd5 Qxd5 3. Nc3 Qd6 4. d4 Nf6 5. Nf3 c6 6. g3 Bf5 7. Bg2 h6 8. 0-0 e6 9. Ne5 Be7 10. Bf4 Qd8 11. Qd2 0-0 12. Rad1 Nbd7 13. h3 Nb6 14. g4 Bh7 15. Bg3 Nbd5 16. Nxd5 cxd5 17. f3 Rc8 18. c3 b5 19. a3 a5 20. b4 Ne8 21. Rfe1 Nd6 22. Bf1 Qc7 23. Rc1 Bg5 24. f4 Bf6 25. Qh2 axb4 26. axb4 Bxe5 27. dxe5 Ne4 28. Bf2 Nd2 29. Qg3 Be4 30. Bc5 Rfd8 31. Qe3 Nf3+ 32. Kf2 g5 33. Red1 gxf4 34. Qxf4 Nxe5 35. Be3 Nc4 36. Qxc7 Rxc7 37. Bxh6 Ra8 38. Ra1 Rca7 39. Rxa7 Rxa7 40. Bxc4 bxc4 41. Be3 Ra3 42. Bd4 Kh7 43. Kg3 Ra2 44. Rf1 f5 45. gxf5 Bxf5 46. Kf4 Re2 47. Kg5 e5 48. Rxf5 exd4 49. cxd4 Rb2 50. Rxd5 Rxb4 51. Rc5 c3 52. d5 Rd4 53. Kf5 c2 54. Ke6 Rd2 55. d6 Kg7 56. d7 Kg6 57. Ke7 Re2+ 58. Kd6 1-0

[Event "Orsha op-A 21st"]
[Site "Orsha"]
[Date "2023.01.23"]
[Round "6"]
[White "Kolchin, Maxim"]
[Black "Egorov, Evgeni"]
[Result "1/2-1/2"]
[WhiteElo "1988"]
[BlackElo "2294"]
[PlyCount "143"]
[EventDate "2023.01.19"]
[EventType "swiss"]
[EventRounds "9"]
[EventCountry "BLR"]
[SourceTitle "CBM 212 Extra"]
[Source "ChessBase"]
[SourceDate "2023.03.31"]
[SourceVersion "1"]
[SourceVersionDate "2023.03.31"]
[SourceQuality "1"]

1. d4 e6 2. Nf3 c5 3. c3 Nc6 4. g3 Nf6 5. Bg2 Be7 6. 0-0 0-0 7. Bg5 cxd4 8. Nxd4 h6 9. Bxf6 Bxf6 10. e4 Qb6 11. Nb3 a5 12. Qc2 a4 13. N3d2 Qc5 14. Kh1 Nb4 15. Qd1 Nd3 16. Qe2 Nxb2 17. e5 Bxe5 18. a3 Ra5 19. f4 Bxc3 20. Ne4 Qc4 21. Nbxc3 Qxe2 22. Nxe2 Nc4 23. Rfb1 d5 24. N4c3 b6 25. Nd4 Bd7 26. Bf1 Rc8 27. Bxc4 Rxc4 28. Nce2 b5 29. Kg1 Kf8 30. Kf2 Ke7 31. Ke3 Kd6 32. Rb2 f6 33. Rf1 Kc5 34. Nc2 Ra7 35. Kd3 Be8 36. Ne3 Bg6+ 37. Kd2 Re4 38. Rc1+ Kb6 39. Rcb1 Ra5 40. Rb4 Rxb4 41. Rxb4 Bf7 42. Rb2 h5 43. Rb1 g6 44. Kd3 e5 45. fxe5 fxe5 46. Rf1 Ra7 47. Rf6+ Kc5 48. Nc2 d4 49. Nb4 e4+ 50. Kxe4 Re7+ 51. Kf3 Be8 52. Kf2 Kc4 53. Rf3 Rf7 54. Rxf7 Bxf7 55. Ke1 Kb3 56. Kd2 Kxa3 57. Nd3 Bc4 58. Nxd4 Bxd3 59. Kxd3 b4 60. Kc4 b3 61. Nb5+ Kb2 62. Kb4 Kc2 63. Kxa4 b2 64. Na3+ Kc3 65. Nb1+ Kc2 66. Na3+ Kc3 67. Nb1+ Kd3 68. Kb3 Ke3 69. Kxb2 Kf3 70. Nd2+ Kg2 71. Kc3 Kxh2 72. Ne4 1/2-1/2

[Event "Orsha op-A 21st"]
[Site "Orsha"]
[Date "2023.01.19"]
[Round "1"]
[White "Egorov, Evgeni"]
[Black "Safronov, Grigoriy"]
[Result "1-0"]
[WhiteElo "2294"]
[BlackElo "1501"]
[PlyCount "82"]
[EventDate "2023.01.19"]
[EventType "swiss"]
[EventRounds "9"]
[EventCountry "BLR"]
[SourceTitle "CBM 212 Extra"]
[Source "ChessBase"]
[SourceDate "2023.03.31"]
[SourceVersion "1"]
[SourceVersionDate "2023.03.31"]
[SourceQuality "1"]

1. e4 c6 2. d4 d5 3. f3 e6 4. Nc3 Bb4 5. a3 Bxc3+ 6. bxc3 dxe4 7. Qe2 exf3 8. Nxf3 Nf6 9. Qf2 Ne4 10. Qe3 Qa5 11. Bb2 Nd6 12. Bd3 Nd7 13. 0-0 Nf6 14. c4 Nf5 15. Qf4 Ne7 16. Rae1 Bd7 17. d5 cxd5 18. Bxf6 gxf6 19. Qxf6 Qc5+ 20. Kh1 0-0-0 21. Ng5 dxc4 22. Ne4 Nd5 23. Qxh8 Rxh8 24. Nxc5 cxd3 25. Nxd7 d2 26. Rd1 Ne3 27. Ne5 f5 28. Kg1 Rd8 29. Nf3 Nxf1 30. Kxf1 Rd5 31. Rxd2 Ra5 32. Rd3 e5 33. Rc3+ Kd7 34. Ke2 h6 35. g3 b6 36. Nh4 e4 37. Ke3 Ke6 38. Kf4 h5 39. Ng2 Ra4 40. Ne3 Ra5 41. h4 Kd7 1-0

[Event "Titled Tuesday intern op 03rd Jan Late"]
[Site "Chess.com INT"]
[Date "2023.01.03"]
[Round "8"]
[White "Egorov, Evgeni"]
[Black "Seletsky, Grigory"]
[Result "1/2-1/2"]
[WhiteElo "2294"]
[BlackElo "2281"]
[PlyCount "126"]
[EventDate "2023.01.03"]
[EventType "swiss (blitz)"]
[EventRounds "11"]
[EventCountry "USA"]
[SourceTitle "EXT 2024"]
[Source "ChessBase"]
[SourceDate "2023.10.10"]
[SourceVersion "1"]
[SourceVersionDate "2023.10.10"]
[SourceQuality "1"]

1. e4 e6 2. d4 d5 3. e5 c5 4. c3 Nc6 5. Nf3 Bd7 6. Be2 Rc8 7. 0-0 Nh6 8. Bxh6 gxh6 9. Na3 a6 10. Nc2 cxd4 11. cxd4 Bg7 12. Ne3 0-0 13. Qd2 f5 14. exf6 Qxf6 15. Nc2 Be8 16. Rad1 Bh5 17. a3 Bg6 18. Ne3 Qf4 19. b4 Kh8 20. a4 Be4 21. b5 Bxf3 22. bxc6 Bxe2 23. cxb7 Bxf1 24. bxc8Q Rxc8 25. Rxf1 Qxd4 26. Qe2 Qxa4 27. g3 Qb5 28. Qg4 Re8 29. Rc1 d4 30. Rc7 Qg5 31. h4 Qxg4 32. Nxg4 Rd8 33. Rc6 h5 34. Nh2 d3 35. Nf3 Bh6 36. Rxe6 d2 37. Nxd2 Bxd2 38. Rxa6 Rd5 39. Kg2 Rf5 40. f4 Rc5 41. Rd6 Bc3 42. Kf3 Bb2 43. Ke4 Kg8 44. Rd8+ Kf7 45. Rd7+ Kg6 46. Rd6+ Bf6 47. Rd3 Rc4+ 48. Kf3 Rc3 49. Rxc3 Bxc3 50. g4 Be1 51. gxh5+ Kxh5 52. f5 Kxh4 53. Kg2 Bc3 54. f6 Bxf6 55. Kh1 Kg3 56. Kg1 h5 57. Kh1 h4 58. Kg1 h3 59. Kh1 Be5 60. Kg1 Kf3 61. Kh1 Kg3 62. Kg1 h2+ 63. Kh1 Kh3 1/2-1/2

[Event "Titled Tuesday intern op 03rd Aug"]
[Site "Chess.com INT"]
[Date "2021.08.03"]
[Round "5"]
[White "Egorov, Evgeni"]
[Black "Savchenko, Boris"]
[Result "0-1"]
[WhiteElo "2294"]
[BlackElo "2553"]
[PlyCount "82"]
[EventDate "2021.08.03"]
[EventType "swiss (blitz)"]
[EventRounds "11"]
[EventCountry "USA"]
[SourceTitle "CBM 203 Extra"]
[Source "ChessBase"]
[SourceDate "2021.09.30"]
[SourceVersion "1"]
[SourceVersionDate "2021.09.30"]
[SourceQuality "1"]

1. e4 c5 2. Nc3 g6 3. Nf3 Bg7 4. h4 d6 5. h5 Bg4 6. d4 cxd4 7. h6 Be5 8. Ne2 Nc6 9. Nxe5 dxe5 10. Qd3 Nf6 11. Qb5 Nxe4 12. Qxb7 Rc8 13. f3 Nd6 14. Qa6 Bf5 15. Qa4 0-0 16. Ng3 Bxc2 17. Qxc2 Nb4 18. Qb1 Nc2+ 19. Kf2 f5 20. b3 Qb6 21. Bc4+ Nxc4 22. bxc4 Nxa1 23. Qxa1 Rxc4 24. Bg5 Rc2+ 25. Kg1 Rfc8 26. Kh2 Kf7 27. Re1 R8c5 28. Qd1 Qc6 29. Qd3 Qd5 30. Qa6 Rxa2 31. Qd3 Rcc2 32. Kh3 Rxg2 33. Rh1 Qe6 34. Kh4 f4 35. Nf1 Raf2 36. Qe4 Rxf1 37. Bxf4 Qf6+ 38. Kh3 Rxh1+ 39. Kxg2 Qxf4 40. Qd5+ Kf6 41. Kxh1 Qxh6+ 0-1

[Event "Titled Tuesday intern op 03rd Aug"]
[Site "Chess.com INT"]
[Date "2021.08.03"]
[Round "9"]
[White "Egorov, Evgeni"]
[Black "Turzo, Attila"]
[Result "1-0"]
[WhiteElo "2294"]
[BlackElo "2319"]
[PlyCount "49"]
[EventDate "2021.08.03"]
[EventType "swiss (blitz)"]
[EventRounds "11"]
[EventCountry "USA"]
[SourceTitle "CBM 203 Extra"]
[Source "ChessBase"]
[SourceDate "2021.09.30"]
[SourceVersion "1"]
[SourceVersionDate "2021.09.30"]
[SourceQuality "1"]

1. e4 c5 2. Nc3 e6 3. Nge2 Nc6 4. g3 a6 5. Bg2 b5 6. 0-0 Bb7 7. d4 cxd4 8. Nxd4 Qc7 9. Re1 Rc8 10. a4 b4 11. Nd5 Qa5 12. Bf4 d6 13. Qd2 Nxd4 14. Qxd4 e5 15. Bxe5 dxe5 16. Qxe5+ Kd8 17. Rad1 Rc5 18. Nb6+ Bd5 19. Qb8+ Ke7 20. exd5+ Kf6 21. Nd7+ Kg6 22. Nxf8+ Kh6 23. Qf4+ g5 24. Qxf7 Qd8 25. Re6+ 1-0

[Event "Titled Tuesday intern op 03rd Aug"]
[Site "Chess.com INT"]
[Date "2021.08.03"]
[Round "8"]
[White "Molina, Roberto Junio Brito"]
[Black "Egorov, Evgeni"]
[Result "1-0"]
[WhiteElo "2434"]
[BlackElo "2294"]
[PlyCount "129"]
[EventDate "2021.08.03"]
[EventType "swiss (blitz)"]
[EventRounds "11"]
[EventCountry "USA"]
[SourceTitle "CBM 203 Extra"]
[Source "ChessBase"]
[SourceDate "2021.09.30"]
[SourceVersion "1"]
[SourceVersionDate "2021.09.30"]
[SourceQuality "1"]

1. d4 d5 2. c4 Nc6 3. cxd5 Qxd5 4. e3 e5 5. Nc3 Bb4 6. Bd2 Bxc3 7. Bxc3 exd4 8. Ne2 Nf6 9. Nxd4 0-0 10. Qb3 Qxb3 11. axb3 Nxd4 12. Bxd4 Ne4 13. f3 Nd6 14. e4 Be6 15. b4 a6 16. Rc1 c6 17. Rd1 Rfd8 18. Be2 Bb3 19. Rd2 Nc4 20. Bxc4 Bxc4 21. Kf2 Rd7 22. Bc3 Rxd2+ 23. Bxd2 Rd8 24. Bc3 f6 25. h4 h5 26. Rg1 Kf7 27. Ke3 Rd3+ 28. Kf2 Rd8 29. Re1 Rc8 30. Rd1 Ke6 31. Ke3 c5 32. f4 cxb4 33. f5+ Kf7 34. Bxb4 Bb5 35. Bc3 Bc6 36. Kf4 Re8 37. Re1 b6 38. g3 a5 39. e5 fxe5+ 40. Bxe5 Rc8 41. Rd1 b5 42. Rd6 Be8 43. Rg6 Rc4+ 44. Ke3 Rg4 45. Ra6 a4 46. Ra7+ Kf8 47. Bf4 b4 48. Rb7 a3 49. bxa3 bxa3 50. Ra7 a2 51. Rxa2 Bd7 52. Ke4 Ke8 53. Ke5 Ke7 54. Ra7 Ke8 55. Ra8+ Kf7 56. Rh8 Bxf5 57. Kxf5 g6+ 58. Ke5 Kg7 59. Rb8 g5 60. hxg5 h4 61. Kf5 hxg3 62. Rb7+ Kf8 63. Kxg4 g2 64. Be3 g1Q+ 65. Bxg1 1-0

[Event "Titled Tuesday intern op 25th May"]
[Site "Chess.com INT"]
[Date "2021.05.25"]
[Round "5"]
[White "Egorov, Evgeni"]
[Black "Gevorgyan, Maria"]
[Result "1/2-1/2"]
[WhiteElo "2294"]
[BlackElo "2219"]
[PlyCount "139"]
[EventDate "2021.05.25"]
[EventType "swiss (blitz)"]
[EventRounds "11"]
[EventCountry "USA"]
[SourceTitle "CBM 203 Extra"]
[Source "ChessBase"]
[SourceDate "2021.09.30"]
[SourceVersion "1"]
[SourceVersionDate "2021.09.30"]
[SourceQuality "1"]

1. e4 c5 2. Nc3 e6 3. Nge2 d5 4. exd5 exd5 5. d4 Nf6 6. g3 Be7 7. Bg2 Be6 8. 0-0 Nc6 9. dxc5 Bxc5 10. Nf4 Ne7 11. Nxe6 fxe6 12. Qe2 Qd7 13. Bh3 Kf7 14. Bf4 Rhe8 15. Rae1 Nc6 16. Nb5 Rac8 17. c4 a6 18. cxd5 Nxd5 19. Qf3 Kg8 20. Nc3 Nd4 21. Qxd5 Qxd5 22. Nxd5 exd5 23. Bxc8 Nf3+ 24. Kh1 Nxe1 25. Bxb7 d4 26. Bxa6 d3 27. Be3 Bxe3 28. fxe3 d2 29. Bc4+ Kh8 30. Bb3 h6 31. Kg1 Rb8 32. Bd1 Rxb2 33. Kf2 Rxa2 34. Ke2 Kh7 35. Rf4 Kg6 36. h4 Ng2 37. Rd4 Ra3 38. Bc2+ Kf6 39. Bd3 Nxe3 40. Kxd2 Ng2 41. Ke2 Ra2+ 42. Kf3 Ne1+ 43. Kg4 Nxd3 44. Rxd3 Ra4+ 45. Kh5 Ra5+ 46. Kg4 h5+ 47. Kf3 Kf5 48. Rb3 g6 49. Rc3 Rd5 50. Rc8 Rd3+ 51. Kf2 Rd2+ 52. Ke3 Rg2 53. Kf3 Rb2 54. Rf8+ Ke6 55. Rf4 Rb3+ 56. Kf2 Ke5 57. Rf8 Rb2+ 58. Kf3 Rb3+ 59. Kg2 Rb2+ 60. Kg1 Rb1+ 61. Kf2 Rb2+ 62. Kf1 Rb1+ 63. Ke2 Rb2+ 64. Ke1 Rb1+ 65. Kd2 Rg1 66. Rf3 Ke4 67. Rf4+ Ke5 68. Rf3 Ke4 69. Rf4+ Ke5 70. Rf3 1/2-1/2

[Event "Titled Tuesday intern op 25th May"]
[Site "Chess.com INT"]
[Date "2021.05.25"]
[Round "1"]
[White "Jogstad, Daniel"]
[Black "Egorov, Evgeni"]
[Result "0-1"]
[WhiteElo "2173"]
[BlackElo "2294"]
[PlyCount "38"]
[EventDate "2021.05.25"]
[EventType "swiss (blitz)"]
[EventRounds "11"]
[EventCountry "USA"]
[SourceTitle "CBM 203 Extra"]
[Source "ChessBase"]
[SourceDate "2021.09.30"]
[SourceVersion "1"]
[SourceVersionDate "2021.09.30"]
[SourceQuality "1"]

1. e4 c5 2. Nf3 Nc6 3. Bb5 g5 4. Nxg5 Nf6 5. d3 Nd4 6. Bc4 d5 7. exd5 b5 8. Bb3 Rg8 9. Kf1 h6 10. Ne4 Nxe4 11. dxe4 Bg4 12. f3 Nxf3 13. gxf3 Bh3+ 14. Ke1 c4 15. Qe2 e6 16. a4 Rg2 17. Qe3 cxb3 18. axb5 Qh4+ 19. Kd1 bxc2# 0-1

[Event "Titled Tuesday intern op 25th May"]
[Site "Chess.com INT"]
[Date "2021.05.25"]
[Round "7"]
[White "Samadov, Read"]
[Black "Egorov, Evgeni"]
[Result "0-1"]
[WhiteElo "2332"]
[BlackElo "2294"]
[PlyCount "50"]
[EventDate "2021.05.25"]
[EventType "swiss (blitz)"]
[EventRounds "11"]
[EventCountry "USA"]
[SourceTitle "CBM 203 Extra"]
[Source "ChessBase"]
[SourceDate "2021.09.30"]
[SourceVersion "1"]
[SourceVersionDate "2021.09.30"]
[SourceQuality "1"]

1. c4 g6 2. Nc3 Bg7 3. d4 d6 4. Nf3 f5 5. g3 Nf6 6. Bg2 0-0 7. 0-0 Qe8 8. d5 c6 9. Nd4 Bd7 10. b3 Na6 11. Bb2 Nc7 12. Qd2 c5 13. Nc2 b5 14. a4 bxc4 15. bxc4 Rb8 16. Nb5 Na8 17. Rab1 Nb6 18. Qd3 Nxa4 19. Bxf6 Bxf6 20. Nxa7 Nb2 21. Qf3 Nxc4 22. Nc6 Rxb1 23. Rxb1 Nd2 24. Qd3 Nxb1 25. Ne3 Nc3 0-1

[Event "Titled Tuesday intern op 25th May"]
[Site "Chess.com INT"]
[Date "2021.05.25"]
[Round "6"]
[White "Shvedova, Alexandra"]
[Black "Egorov, Evgeni"]
[Result "0-1"]
[WhiteElo "1976"]
[BlackElo "2294"]
[PlyCount "80"]
[EventDate "2021.05.25"]
[EventType "swiss (blitz)"]
[EventRounds "11"]
[EventCountry "USA"]
[SourceTitle "CBM 203 Extra"]
[Source "ChessBase"]
[SourceDate "2021.09.30"]
[SourceVersion "1"]
[SourceVersionDate "2021.09.30"]
[SourceQuality "1"]

1. e4 c5 2. Ne2 Nc6 3. Nbc3 g6 4. g3 Bg7 5. Bg2 e6 6. d3 Nge7 7. f4 0-0 8. Be3 Nd4 9. 0-0 d6 10. Qe1 Nxc2 11. Qd2 Nxa1 12. Rxa1 Nc6 13. Bf2 Rb8 14. a4 a6 15. g4 f5 16. gxf5 exf5 17. Ng3 fxe4 18. dxe4 Nd4 19. Rd1 Be6 20. Nd5 b5 21. axb5 Rxb5 22. Nc3 Rb4 23. f5 gxf5 24. exf5 Nxf5 25. Nxf5 Bxf5 26. Bxc5 dxc5 27. Qxd8 Rxd8 28. Rxd8+ Kf7 29. Bd5+ Ke7 30. Ra8 Rxb2 31. Ra7+ Kf6 32. Rxa6+ Ke5 33. Bg2 Kd4 34. Na4 Rc2 35. Ra7 Be5 36. Nb6 c4 37. Nd7 Bf4 38. Nf6 Be3+ 39. Kf1 Bd3+ 40. Ke1 Rc1# 0-1

[Event "Titled Tuesday intern op 06th Apr"]
[Site "Chess.com INT"]
[Date "2021.04.06"]
[Round "6"]
[White "Boyer, Mahel"]
[Black "Egorov, Evgeni"]
[Result "0-1"]
[WhiteElo "2333"]
[BlackElo "2293"]
[PlyCount "154"]
[EventDate "2021.04.06"]
[EventType "swiss (blitz)"]
[EventRounds "11"]
[EventCountry "USA"]
[SourceTitle "CBM 201 Extra"]
[Source "ChessBase"]
[SourceDate "2021.05.31"]
[SourceVersion "1"]
[SourceVersionDate "2021.05.31"]
[SourceQuality "1"]

1. e3 e5 2. Ke2 d5 3. Kf3 Nc6 4. Ke2 f5 5. Ke1 Nf6 6. Bb5 Bd6 7. d4 0-0 8. Ne2 Qe7 9. c4 dxc4 10. Bxc4+ Kh8 11. Nbc3 exd4 12. exd4 f4 13. f3 Bf5 14. Kf2 Nh5 15. Rf1 Rad8 16. Kg1 Qh4 17. Qe1 Qxe1 18. Rxe1 Nxd4 19. Nxd4 Bc5 20. Nce2 Bxd4+ 21. Nxd4 Rxd4 22. b3 c5 23. Ba3 b6 24. Rad1 Rfd8 25. Rxd4 cxd4 26. Kf2 Nf6 27. g4 fxg3+ 28. hxg3 d3 29. Rd1 h5 30. Bb2 Kh7 31. Bxf6 gxf6 32. Ke3 Kg6 33. Kf4 d2 34. Ke3 Bb1 35. a4 f5 36. Rxd2 Rxd2 37. Kxd2 f4 38. gxf4 h4 39. Ke3 a5 40. Be6 Bc2 41. Kf2 Kf6 42. Bc4 Kf5 43. Bf7 Kxf4 44. Be6 Bd1 45. Bd5 h3 46. Be6 h2 47. Kg2 Bxf3+ 48. Kxh2 Ke3 49. Kg3 Bd1 50. Bf7 Bc2 51. Kg4 Kd4 52. Kf3 Kc3 53. Ke2 Bxb3 54. Be8 Kb4 55. Kd2 Bxa4 56. Bg6 Bb3 57. Kc1 a4 58. Kb2 a3+ 59. Ka1 Kc3 60. Be8 Bc4 61. Bd7 Kb4 62. Be8 Bb5 63. Bg6 Ba4 64. Bd3 Bb3 65. Ba6 Kc5 66. Be2 Bc4 67. Bg4 b5 68. Bd7 b4 69. Ba4 Kd4 70. Bd1 Kc3 71. Ba4 Ba6 72. Bd1 Bd3 73. Ba4 Bc2 74. Bc6 b3 75. Bd5 b2+ 76. Ka2 b1Q+ 77. Kxa3 Qb2# 0-1

[Event "Cheliabinsk Variant Gp-A"]
[Site "Cheliabinsk"]
[Date "2021.03.23"]
[Round "1"]
[White "Drygalov, Andrey"]
[Black "Egorov, Evgeni"]
[Result "1-0"]
[WhiteElo "2500"]
[BlackElo "2293"]
[PlyCount "71"]
[EventDate "2021.03.23"]
[EventType "swiss"]
[EventRounds "10"]
[EventCountry "RUS"]
[SourceTitle "CBM 202 Extra"]
[Source "ChessBase"]
[SourceDate "2021.07.31"]
[SourceVersion "1"]
[SourceVersionDate "2021.07.31"]
[SourceQuality "1"]

1. e4 c5 2. Nf3 Nc6 3. Bb5 g5 4. Nxg5 Nd4 5. Ba4 b5 6. c3 bxa4 7. cxd4 cxd4 8. Qxa4 Bg7 9. 0-0 d3 10. Nc3 e6 11. Nf3 Ne7 12. b3 0-0 13. Ba3 f5 14. Rac1 a5 15. exf5 Rxf5 16. Qh4 Nc6 17. Qg3 Bb7 18. Ne4 Ne5 19. Nxe5 Bxe4 20. f4 Qb6+ 21. Kh1 a4 22. Nc4 Qb7 23. Nd6 Qd5 24. Nxf5 Bxf5 25. Bb2 Bg6 26. Bxg7 Kxg7 27. f5 exf5 28. Qf4 axb3 29. axb3 Re8 30. Rfe1 Re2 31. Rxe2 dxe2 32. Qe3 Kf7 33. Qxe2 Qxb3 34. h3 Qb6 35. Qe5 Qe6 36. Qd4 1-0